000
00268 a2200097 4500
001
13174
100
_a
Burkhardt,J
245
_a
Pervasive Computing : Technology and Architecture of Mobile internet application
260
_a
_b
Pearson eduction
_c
090
_c
10183
_d
10183
942
_a
NUST-CAE
_c
M
_c
207
999
_c
248247
_d
248247